00507nam a2200205 a 4500001001300000003000900013005001700022008004100039020001000080082001700090100001700107245001700124260004500141300000900186500003500195505001000230650001800240650002600258700001700284nice12345678IN_TiNIC20260116011550.0050524s1937 lona grp 000 0 eng  ac10000a954.035bEDI aEdib, Halide aInside India aLondonbGeorge Allen and Unwin Ltdc1937 a378p aincludes index and biblioraphy2 aIndex aBritish-India aBritish-India Muslims1 aEdib, Halide